00717 2200229 4500001002100000005001700021008004100038035002400079040001200103082001500115084002000130100002200150245010600172260004600278300003800324500003800362504002900400650001100429700001700440850001200457990001800469INLIS00000000002369520161031094659.0  0010-101600000000647 aYOPDYOG 223a780.73 aSK 780.73 Rin M aRINI SULISTYOWATI aMusik humor : studi kasus kelompok musik humor congklang di jatimulyo Yogyakartac/ Rini Sulistyowati aYogyakartabInstitut Seni Indonesiac2004 axv,102 lembarb: ilus.c; 29,5 cm aSkripsi Fakultas Seni Pertunjukan aBibliografi: hlm. 99-102 aKonser aBUDI Raharja aYOPDYOG a45658-PD/A.12